000 00976nam a2200265Ia 4500
003 OSt
005 20220923211603.0
006 a|||||r|||| 00| 0
007 ta
008 220922b |||||||| |||| 00| 0 pan d
020 _a9789387276796 (hbk)
_c175
024 _a352,547
037 _b1182, 22/01/2020, H.K. Prakashan
_cTextual
040 _aARTS
_cARTS
_bpan
041 _2pan
_apan
082 _aO153:g, Q9
100 _aਕੌਰ, ਜਸਵੀਰ
245 0 _aਪੰਜਾਬੀ ਖੋਜ
_b ਮੀਡੀਆ ਫਿਅਮਾਂ ਅਤੇ ਪੱਤਰਕਾਰੀ ਪੰਜਾਬੀ ਸਾਹਿਤ ਅਤੇ ਫੁਟਕਲ
260 _aਪਟਿਆਲਾ
_b ਗ੍ਰFਿਅਸ ਬੁਕਸ
_c2019
300 _a104ਪੰ
_ccm.
650 _a ਪੰਜਾਬੀ ਸਾਹਿਤ
650 _aਸ਼ਚਅਹ਼ਲਜ
942 _hO153:g, Q9
_cTEXL
_2CC
999 _c301085
_d301085